00685mam a2200205 a 4500008004100000020002200041245017900063250001200242260003700254300003200291500002000323650001400343650002500357700002200382700002300404700002500427003000100452005001700453040000900470  a0316475858 (pbk.)00aClinical diagnosis :ba physiologic approach /cedited by Richard D. Judge, George D. Zuidema, Faith T. Fitzgerald ; with illustrations by Mary Ann Olson and Leslie H. Arwin. a5th ed. aBoston :bLittle, Brown,cc1989. ax, 642 p. :bill. ;c24 cm. aIncludes index. 2aDiagnosis 2aPhysical Examination1 aJudge, Richard D.1 aZuidema, George D.1 aFitzgerald, Faith T.20230120204107.0 cNUST